Bilecik Bilecik Bilecik Bilecik Bilecik

Pearson hemşirelik tanıları el kitabı: NANDA-I tanılar, NIC girişimleri, NOC çıktıları/ (Record no. 62874)

MARC details
000 -BAŞLIK
Sabit Uzunluktaki Kontrol Alanı 01285nam a22003137a 4500
001 - KONTROL NUMARASI
Control Dosyası 0063078
003 - KONTROL NUMARASI KİMLİĞİ
Kontrol Alanı KOHA_MİRAKIL
005 - EN SON İŞLEM TARİHİ ve ZAMANI
Kontrol Alanı 20260207004431.0
007 - FİZİKSEL TANIM SABİT ALAN - GENEL BİLGİ
Sabit uzunluklu kontrol alanı
008 - SABİT UZUNLUKTAKİ VERİ ÖGELERİ - GENEL BİLGİ
Sabit Alan 181106b2018 tu |||gr||||#||||0|tur |
020 ## - ISBN - ULUSLARARASI STANDART KİTAP NUMARASI
Isbn 9786052268421
Kullanılabilirlik koşulları xxxxx
040 ## - KATALOGLAMA KAYNAĞI
Özgün Kataloglama Kurumu TR-BiSEU
Kataloglama Dili tur
Çeviri Kurumu TR-BiSEU
Açıklama Kuralları rda
041 0# - DİL KODU
Metin ya da ses kaydının dil kodu tur
044 ## - YAYINLAYAN/ÜRETEN KURULUŞUN ÜLKE KODU
ISO country code tu
050 ## - SINIFLAMA ve YER NUMARASI
Sınıflama Numarası RT49
Yer Numarası .W55 2018
100 1# - KİŞİ ADI
Yazar Adı (Kişi adı) Wilkinson, Judith M..
245 1# - ESER ADI BİLDİRİMİ
Başlık Pearson hemşirelik tanıları el kitabı: NANDA-I tanılar, NIC girişimleri, NOC çıktıları/
Sorumluluk Bildirimi Judith M. Wilkinson ; Judith M. Wilkinson, Laure Barcus; çeviri editörü Sevgisun Kapucu; İmatullah Akyar; Fatoş Korkmaz.
264 #1 - ÜRERİM, YAYIN, DAĞITIM ve TELİF BİLDİRİMİ
Yayın yeri Ankara :
Yayınlayan Pelikan Yayınevi
Yayın tarihi 2018
300 ## - FİZİKSEL TANIMLAMA
Sayfa, Cilt vb. 1113 sayfa; 24 cm.
336 ## - İÇERİK TÜRÜ
Content type term metin
Content type code txt
Source rdacontent
337 ## - MEDYA TÜRÜ
Media type term aracısız
Media type code n
Source rdamedia
338 ## - TAŞIYICI TÜRÜ
Carrier type term cilt
Carrier type code nc
Source rdacarrier
500 ## - GENEL NOT
Genel Not Özgün adı : Pearson nursing diagnosis handbook : NANDA-I diagnoses, NIC interventions, NOC outcomes
650 #0 - KONU BAŞLIĞI EK GİRİŞ - KONU TERİMİ
Konusal terim veya coğrafi ad Hemşirelik bakım planları--El kitapları, el kitapları vb.
9 (RLIN) 117124
650 #0 - KONU BAŞLIĞI EK GİRİŞ - KONU TERİMİ
Konusal terim veya coğrafi ad Nursing care plans--Handbooks, manuals, etc.
9 (RLIN) 117125
650 #0 - KONU BAŞLIĞI EK GİRİŞ - KONU TERİMİ
Konusal terim veya coğrafi ad Hemşirelik teşhisi - El kitapları, el kitapları vb.
9 (RLIN) 117126
650 #0 - KONU BAŞLIĞI EK GİRİŞ - KONU TERİMİ
Konusal terim veya coğrafi ad Nursing diagnosis--Handbooks, manuals, etc.
9 (RLIN) 117127
942 ## - EK GİRİŞ ÖGELERİ (KOHA)
Source of classification or shelving scheme Library of Congress Classification
Koha item type Book
Holdings
Materyal Türü Kalıcı Konum Mevcut Konum Raf Yeri Sınıflandırma Kaynağı Edinim Bilgisi Ana Konular Alt Konular Yer Numarası Demirbaş Numarası Fatura Tarihi Geri Çekilme Durumu Kayıp Durumu Hasarlı Durumu Kredi için değil Kayıt Tarih Toplam Ödünçverme Çıkış Durumu Son Görülme Tarihi Son Kontrol Tarihi
Book Prof. Dr. Azmi Özcan Kütüphanesi Prof. Dr. Azmi Özcan Kütüphanesi Birûni Salonu Library of Congress Classification Satın TIP Hemşirelik RT49 .W55 2018 0063078 02/02/2026         06/11/2018 26 28/04/2026 08/04/2026 08/04/2026